Second Most Populous Cities in US Metro Areas - Statistics

General Stats
  • This quiz has been taken 40 times
    36 since last reset
  • The average score is 17 of 25
Answer Stats
Primary City Secondary City Population Answer % Correct
Dallas 956,709 Fort Worth
100%
Chicago 180,542 Aurora
94%
Denver 386,261 Aurora
94%
San Francisco 440,646 Oakland
94%
Minneapolis 311,527 Saint Paul
94%
Los Angeles 466,742 Long Beach
88%
Seattle 222,906 Tacoma
88%
Phoenix 521,649 Mesa
84%
Tampa 261,256 St. Petersburg
84%
San Diego 243,916 Chula Vista
81%
Riverside, California 217,946 San Bernardino
78%
Washington, DC 159,467 Alexandria
75%
Miami 223,109 Hialeah
72%
Portland 190,915 Vancouver
72%
Houston 118,600 Sugar Land
66%
Detroit 139,387 Warren
63%
Boston 206,518 Worcester
56%
San Antonio 90,403 New Braunfels
53%
Baltimore 40,812 Annapolis
50%
St. Louis 91,316 O'Fallon
47%
Charlotte 109,896 Concord
41%
New York City 793,409 Hempstead
41%
Orlando 93,692 Deltona
28%
Philadelphia 95,112 Reading
28%
Atlanta 127,315 Athens
25%
No matching quizzes found
Score Distribution
Percent of People with Each Score
Percentile by Number Answered
Your Score History
You have not taken this quiz since the last reset